000
00283nam a22001337a 4500
003
SGT
082
_a
617.5
_b
S00S
100
_a
SHARMA, SURENDRA
245
_a
SHALYA VIGYAN
260
_a
ROHTAK
_b
NATH PUSTAK BHANDAR
300
_a
379,428
650
_a
AYURVEDA
942
_2
ddc
_c
BK
_0
3
999
_c
16620
_d
16620